Online katalóg knižníc regiónu Turca

Interview s nymfomankou (Record no. 22110)

MARC details
000 -LEADER
fixed length control field 01728cam a2200541 a 4500
001 - CONTROL NUMBER
control field 22110
003 - CONTROL NUMBER IDENTIFIER
control field VRT
005 - DATE AND TIME OF LATEST TRANSACTION
control field 20260320105900.0
008 - FIXED-LENGTH DATA ELEMENTS--GENERAL INFORMATION
fixed length control field 240318s2014 xo g 000 f slo
015 ## - NATIONAL BIBLIOGRAPHY NUMBER
National bibliography number SNBA2015/11
020 ## - INTERNATIONAL STANDARD BOOK NUMBER
International Standard Book Number 9788081144547
Qualifying information (brož.)
035 ## - SYSTEM CONTROL NUMBER
System control number BC06ECC2-9125-4028-8527-8E0AAE0B38A8
035 ## - SYSTEM CONTROL NUMBER
System control number urn:nbn:sk:snk-aml5xv
035 ## - SYSTEM CONTROL NUMBER
System control number urn:nbn:sk:snk-am008v5t
039 #9 - LEVEL OF BIBLIOGRAPHIC CONTROL AND CODING DETAIL [OBSOLETE]
Level of rules in bibliographic description 202403182018
Level of effort used to assign nonsubject heading access points VLOAD
Level of effort used to assign subject headings 201606101710
Level of effort used to assign classification VLOAD
Level of effort used to assign subject headings 201604300227
Level of effort used to assign classification VLOAD
Level of effort used to assign subject headings 201604292011
Level of effort used to assign classification VLOAD
040 ## - CATALOGING SOURCE
Original cataloging agency POKPOH
Language of cataloging slo
Transcribing agency POKPOH
Modifying agency SNK
Description conventions AACR2
041 0# - LANGUAGE CODE
Language code of text/sound track or separate title slo
044 ## - COUNTRY OF PUBLISHING/PRODUCING ENTITY CODE
MARC country code so
ISO country code SK
072 #7 - SUBJECT CATEGORY CODE
Subject category code 821.162.4-3
Subject category code subdivision Slovenská próza
Source konspekt
080 ## - UNIVERSAL DECIMAL CLASSIFICATION NUMBER
Universal Decimal Classification number 821.162.4-31
Edition identifier 2001
080 ## - UNIVERSAL DECIMAL CLASSIFICATION NUMBER
Universal Decimal Classification number (0:82-993)
Edition identifier 2001
100 1# - MAIN ENTRY--PERSONAL NAME
Personal name Grossová, Lea,
Dates associated with a name 1986-
Relationship aut
245 10 - TITLE STATEMENT
Title Interview s nymfomankou
Remainder of title neobyčajná lovestory
Statement of responsibility, etc. Lea Grossová
250 ## - EDITION STATEMENT
Edition statement 1. vyd.
260 ## - PUBLICATION, DISTRIBUTION, ETC.
Place of publication, distribution, etc. Bratislava
Name of publisher, distributor, etc. Marenčin PT
Date of publication, distribution, etc. 2014
300 ## - PHYSICAL DESCRIPTION
Extent 189 s.
Dimensions 17 cm
655 #7 - INDEX TERM--GENRE/FORM
Genre/form data or focus term slovenské romány
Source of term SNKPH
655 #7 - INDEX TERM--GENRE/FORM
Genre/form data or focus term erotické romány
Source of term SNKPH
655 #7 - INDEX TERM--GENRE/FORM
Genre/form data or focus term Slovak fiction
Source of term SNKPHeng
655 #7 - INDEX TERM--GENRE/FORM
Genre/form data or focus term Erotic novels
Source of term SNKPHeng
910 ## - USER-OPTION DATA (OCLC)
User-option data pokpoh
910 ## - USER-OPTION DATA (OCLC)
User-option data sllk
910 ## - USER-OPTION DATA (OCLC)
User-option data skpk
910 ## - USER-OPTION DATA (OCLC)
User-option data hevk
910 ## - USER-OPTION DATA (OCLC)
User-option data pppk
910 ## - USER-OPTION DATA (OCLC)
User-option data ttkjf
910 ## - USER-OPTION DATA (OCLC)
User-option data vthk
910 ## - USER-OPTION DATA (OCLC)
User-option data totk
910 ## - USER-OPTION DATA (OCLC)
User-option data snk
942 ## - ADDED ENTRY ELEMENTS (KOHA)
Source of classification or shelving scheme Dewey Decimal Classification
Koha item type Krásna literatúra pre dospelých
Suppress in OPAC No
949 ## - LOCAL PROCESSING INFORMATION (OCLC)
6 270001000510488
a svkbbA 145705
b svkbbm 755971
949 ## - LOCAL PROCESSING INFORMATION (OCLC)
6 17A1174262
a snkSD 84698
b snk2015/30564
o 2312/15
s 6100:20151201
949 ## - LOCAL PROCESSING INFORMATION (OCLC)
6 273K0591418
a svkpoA 226706
b svkpo589735
949 ## - LOCAL PROCESSING INFORMATION (OCLC)
6 2889308789
a savukPV 21607
b savuk2015/4636
949 ## - LOCAL PROCESSING INFORMATION (OCLC)
6 17A1179962
a snkSD 84698 D1
b snk2016/3309
o 2312/2015
949 ## - LOCAL PROCESSING INFORMATION (OCLC)
a snklmDK 7103 SNKLM
b snklm2015/38
Holdings
Stav vyradenia Strata Poškodenie Spôsob nadobudnutia Domovská knižnica Aktuálna knižnica Dátum nadobudnutia Total checkouts Čiarový kód exemplára Date last seen Typ exemplára
      Dar Obecná knižnica Horná Štubňa Obecná knižnica Horná Štubňa 20.03.2026   9788081144547 20.03.2026 Krásna literatúra pre dospelých
Projekt je podporený Slovenskou asociáciou knižníc
Prevádzkuje Turčianska knižnica Martin 2026